LEADER 01188nam a2200289 a 4500 001 000000148057 003 CaOOAMICUS 005 20151210133319.0 008 151210s2015 it d u000 u ita r 020 $z978-88-921-0054-1* 032 $aLibriCat 040 $aPUL$bita 082 04$a338.19 100 1 $aJannarelli, Antonio.$0(OLS)http://pul/name/29562 245 10$aCibo e diritti : $bper un'agricoltura sostenibile /$cAntonio Jannarelli. 260 $aTorino :$bG. Giappichelli,$cİ2015. 300 $aXI, 184 p. :$bgrafici ;$c24 cm. 504 $aBibliografia in nota. 650 4$aAlimentazione$xDiritto internazionale.$0(OLS)http://pul/subject/33350 850 $aPUL 852 $aPUL$W1$xSL Diritto e Scienze Sociali 3$y79$m338. 19 JANAN 1$j170835$qDDC 21$B171885$CPULBib$Z2$F171885 $H126602 $81 941 1 $a9 996 $6020$z978-88-921-0054-1*$9(OLS)http://pul/number/159245 996 $6082$a338.19$9(OLS)http://pul/classification/2868 996 $6245$aCibo e diritti : $bper un'agricoltura sostenibile$9(OLS)http://pul/title/186821 996 $6260$aTorino :$bG. Giappichelli$9(OLS)http://pul/publisher/49130 LEADER 01268nam a2200325 a 4500 001 000000153316 003 CaOOAMICUS 005 20160725154549.0 008 160725s2006 it b u000 u ita c 020 $z88-382-4007-8* 032 $aLibriCat 040 $aPUL$bita 100 1 $aDalla Torre, Giuseppe,$d1943-2020.$0(OLS)http://pul/name/988 245 10$aConoscere il diritto ecclesiastico /$cGiuseppe Dalla Torre, Paolo Cavana. 260 $aRoma :$bStudium,$c2006. 300 $aVIII, 244 p. ;$c21 cm. 490 1 $aTutor ;$v02 504 $aBibliografia: p. [209]-244. 650 4$aDiritto ecclesiastico.$0(OLS)http://pul/subject/6 700 1 $aCavana, Paolo,$d1962-$0(OLS)http://pul/name/34568 830 0$aTutor (Studium) ;$v02.$0(OLS)http://pul/title/131105 850 $aPUL 852 $aPUL$W1$xDP1 Fondo G. Barberini$y122$m3 E 7$j166333$qFondi$B179020$CPULBib$Z2$F179020 $HBar1866 $81 941 1 $a1 960 $aDiritto e religione$96 960 $aDiritto e religione$96 996 $6020$z88-382-4007-8*$9(OLS)http://pul/number/160795 996 $6245$aConoscere il diritto ecclesiastico$9(OLS)http://pul/title/192757 996 $6260$aRoma :$bStudium$9(OLS)http://pul/publisher/47892